[Event "Ruhrgebiet Verbandsklasse Gruppe 3 1819"]
[Site "Nordrheinwestfalen"]
[Date "2018.12.02"]
[Round "4.2"]
[White "Werschmoeller, Thomas"]
[Black "Sharma, Danesh"]
[Result "1-0"]
[WhiteElo "1847"]
[BlackElo "1885"]
[PlyCount "53"]
[EventDate "2018.09.23"]
[EventType "team-tourn"]
[EventRounds "9"]
[EventCountry "GER"]
[SourceTitle "EXT 2022"]
[Source "ChessBase"]
[SourceDate "2021.10.06"]
[SourceVersion "1"]
[SourceVersionDate "2021.10.06"]
[SourceQuality "1"]
[WhiteTeam "Witten"]
[BlackTeam "Welper SV II"]
[WhiteTeamCountry "GER"]
[BlackTeamCountry "GER"]

1. e4 e5 2. Nf3 Nc6 3. Bb5 a6 4. Ba4 Nf6 5. 0-0 b5 6. Bb3 Be7 7. Re1 0-0 8. Bd5 Nxd5 9. exd5 Nb4 10. a4 bxa4 11. Rxa4 Nxd5 12. Nxe5 Bb7 13. Rg4 d6 14. Nc4 f5 15. Rg3 f4 16. Rb3 Rb8 17. Na5 Ba8 18. Rxb8 Qxb8 19. c4 Bh4 20. g3 fxg3 21. hxg3 Bxg3 22. fxg3 Qb6+ 23. d4 Qxa5 24. Bd2 Nb4 25. Qg4 Bf3 26. Qe6+ Kh8 27. Qf7 1-0

[Event "Ruhrgebiet Verbandsklasse Gruppe 1 1718"]
[Site "Germany"]
[Date "2017.09.17"]
[Round "1.3"]
[White "Sharma, Danesh"]
[Black "Mombeck, Michael"]
[Result "1/2-1/2"]
[WhiteElo "1863"]
[BlackElo "1970"]
[PlyCount "44"]
[EventDate "2017.09.17"]
[EventType "team-tourn"]
[EventRounds "9"]
[EventCountry "GER"]
[SourceTitle "EXT 2022"]
[Source "ChessBase"]
[SourceDate "2021.10.06"]
[SourceVersion "1"]
[SourceVersionDate "2021.10.06"]
[SourceQuality "1"]
[WhiteTeam "Welper SV II"]
[BlackTeam "Bergeborbeck Wacker"]
[WhiteTeamCountry "GER"]
[BlackTeamCountry "GER"]

1. e4 c5 2. c3 Nf6 3. e5 Nd5 4. d4 cxd4 5. Nf3 Nc6 6. cxd4 d6 7. exd6 e6 8. Bg5 Qb6 9. Qd2 Bxd6 10. Nc3 h6 11. Bh4 Bf4 12. Qc2 0-0 13. Rd1 Re8 14. Be2 Ncb4 15. Qb3 Bd7 16. 0-0 Rac8 17. Bg3 Bc6 18. a3 Bxg3 19. fxg3 Nxc3 20. bxc3 Nd5 21. Qxb6 Nxb6 22. Ne5 Re7 1/2-1/2

[Event "Ruhrgebiet Verbandsklasse 1516 Abstieg"]
[Site "Germany"]
[Date "2016.06.26"]
[Round "2.2"]
[White "Sharma, Danesh"]
[Black "Fuest, Torsten"]
[Result "1-0"]
[WhiteElo "1907"]
[BlackElo "1878"]
[PlyCount "99"]
[EventDate "2016.06.19"]
[EventType "team-tourn"]
[EventRounds "3"]
[EventCountry "GER"]
[SourceTitle "EXT 2022"]
[Source "ChessBase"]
[SourceDate "2021.10.06"]
[SourceVersion "1"]
[SourceVersionDate "2021.10.06"]
[SourceQuality "1"]
[WhiteTeam "Welper SV II"]
[BlackTeam "Boenen SV"]
[WhiteTeamCountry "GER"]
[BlackTeamCountry "GER"]

1. e4 c5 2. c3 g6 3. Nf3 Bg7 4. d4 cxd4 5. cxd4 d5 6. e5 Bg4 7. Qb3 Qd7 8. Be2 Nc6 9. Be3 Nh6 10. Nc3 e6 11. Qa3 Nf5 12. Nb5 Bf8 13. Qa4 Bb4+ 14. Kd1 0-0 15. Nc3 Bxf3 16. Bxf3 Bxc3 17. bxc3 Nxe5 18. Qxd7 Nxd7 19. Bf4 Rac8 20. Kd2 Nb6 21. Rab1 Nc4+ 22. Kd3 Nfd6 23. h4 f6 24. Rhe1 Kf7 25. Re2 b5 26. Rbe1 Rfe8 27. g4 Rc7 28. Bxd5 exd5 29. Rxe8 Nxe8 30. Rxe8 Kxe8 31. Bxc7 Kd7 32. Bf4 Kc6 33. Bb8 Kb7 34. Bf4 Kb6 35. Bh6 Ka5 36. Bf8 Nb6 37. Be7 Nd7 38. Ke3 Kb6 39. Kf4 a5 40. h5 Kc6 41. hxg6 hxg6 42. f3 Kc7 43. Bxf6 Nxf6 44. Kg5 Nd7 45. Kxg6 Kd8 46. Kf7 Ne5+ 47. dxe5 b4 48. e6 bxc3 49. e7+ Kc7 50. e8Q 1-0

[Event "Ruhrgebiet Verbandsklasse Gruppe 1 1516"]
[Site "Germany"]
[Date "2015.09.27"]
[Round "2.2"]
[White "Poetter, Clemens"]
[Black "Sharma, Danesh"]
[Result "1/2-1/2"]
[WhiteElo "1992"]
[BlackElo "1913"]
[PlyCount "61"]
[EventDate "2015.09.06"]
[EventType "team-tourn"]
[EventRounds "9"]
[EventCountry "GER"]
[SourceTitle "EXT 2022"]
[Source "ChessBase"]
[SourceDate "2021.10.06"]
[SourceVersion "1"]
[SourceVersionDate "2021.10.06"]
[SourceQuality "1"]
[WhiteTeam "Borbeck Weisse Dame II"]
[BlackTeam "Welper SV II"]
[WhiteTeamCountry "GER"]
[BlackTeamCountry "GER"]

1. d4 Nf6 2. c4 d5 3. Nf3 c6 4. e3 Bf5 5. Nc3 e6 6. Nh4 Be4 7. f3 Bg6 8. Bd2 Nbd7 9. Qb3 Qb6 10. Nxg6 hxg6 11. Qxb6 Nxb6 12. b3 Be7 13. Bd3 0-0-0 14. Ke2 dxc4 15. bxc4 c5 16. dxc5 Bxc5 17. a4 Rh4 18. Be1 Rh5 19. Bg3 Nbd7 20. Ne4 Nxe4 21. Bxe4 Nf6 22. Bd3 Bd6 23. Bxd6 Rxd6 24. h3 Ra5 25. Rhb1 Nd7 26. Rb5 Rda6 27. Rab1 Nc5 28. Bc2 Kc7 29. Rxa5 Rxa5 30. Rb5 Rxb5 31. axb5 1/2-1/2

[Event "Ruhrgebiet Verbandsklasse Gruppe 3 1415"]
[Site "Germany"]
[Date "2015.04.26"]
[Round "9.3"]
[White "Schulz, Alfons"]
[Black "Sharma, Danesh"]
[Result "1-0"]
[WhiteElo "1865"]
[BlackElo "1893"]
[PlyCount "93"]
[EventDate "2014.09.21"]
[EventType "team-tourn"]
[EventRounds "9"]
[EventCountry "GER"]
[SourceTitle "EXT 2022"]
[Source "ChessBase"]
[SourceDate "2021.10.06"]
[SourceVersion "1"]
[SourceVersionDate "2021.10.06"]
[SourceQuality "1"]
[WhiteTeam "Haltern"]
[BlackTeam "Welper SV II"]
[WhiteTeamCountry "GER"]
[BlackTeamCountry "GER"]

1. e4 e5 2. Nf3 Nc6 3. Bb5 Nf6 4. Qe2 d6 5. c3 Be7 6. d3 0-0 7. Nbd2 a6 8. Ba4 b5 9. Bb3 Na5 10. Bc2 c5 11. 0-0 Bb7 12. Rd1 Rc8 13. Nf1 Qc7 14. Ng3 g6 15. Bh6 Rfe8 16. Ng5 Bf8 17. Bxf8 Kxf8 18. h4 h5 19. Rac1 Re7 20. Qd2 Qd7 21. Rf1 Qg4 22. Nf3 Kg7 23. Bd1 Qd7 24. Ng5 d5 25. c4 dxc4 26. Qxa5 cxd3 27. Qd2 Qd4 28. Nf3 Nxe4 29. Nxd4 Nxd2 30. Ndf5+ gxf5 31. Nxf5+ Kf6 32. Nxe7 Kxe7 33. Re1 Nc4 34. Rxc4 bxc4 35. Rxe5+ Kd6 36. Re3 Bd5 37. Kh2 Rg8 38. Rg3 Rxg3 39. fxg3 c3 40. bxc3 Bxa2 41. g4 hxg4 42. Kg3 Ke5 43. Kxg4 c4 44. Kg5 Bb3 45. h5 f6+ 46. Kh4 Kf5 47. Bg4+ 1-0

[Event "Ruhrgebiet Verbandsklasse Gruppe 3 1415"]
[Site "Germany"]
[Date "2014.09.21"]
[Round "1"]
[White "Sharma, Danesh"]
[Black "Sondermann, Dirk"]
[Result "0-1"]
[WhiteElo "1942"]
[BlackElo "1871"]
[PlyCount "46"]
[EventDate "2014.09.21"]
[EventType "team-tourn"]
[EventRounds "9"]
[EventCountry "GER"]
[SourceTitle "EXT 2022"]
[Source "ChessBase"]
[SourceDate "2021.10.06"]
[SourceVersion "1"]
[SourceVersionDate "2021.10.06"]
[SourceQuality "1"]
[WhiteTeam "Welper SV II"]
[BlackTeam "Annen Sport Union"]
[WhiteTeamCountry "GER"]
[BlackTeamCountry "GER"]

1. e4 e6 2. d4 d5 3. Nc3 Bb4 4. e5 c5 5. a3 Ba5 6. Qg4 Ne7 7. Qxg7 Rg8 8. Qxh7 cxd4 9. b4 dxc3 10. bxa5 Nbc6 11. Nf3 Qc7 12. Be3 Bd7 13. a6 b6 14. Ng5 Rxg5 15. Bxg5 Qxe5+ 16. Be3 d4 17. Be2 dxe3 18. fxe3 0-0-0 19. Kf2 Nf5 20. Qh3 Nce7 21. g4 Rh8 22. Qxh8+ Qxh8 23. gxf5 Qh4+ 0-1

[Event "Ruhrgebiet VL2 0708"]
[Site "Germany"]
[Date "2008.02.17"]
[Round "6.6"]
[White "Sharma, Danesh"]
[Black "Bartel, Mario"]
[Result "1/2-1/2"]
[WhiteElo "2095"]
[BlackElo "2158"]
[PlyCount "130"]
[EventDate "2007.09.02"]
[EventType "team-tourn"]
[EventRounds "9"]
[EventCountry "GER"]
[SourceTitle "EXT 2009"]
[Source "ChessBase"]
[SourceDate "2008.11.26"]
[SourceVersion "1"]
[SourceVersionDate "2008.11.26"]
[SourceQuality "1"]
[WhiteTeam "Welper SV"]
[BlackTeam "Wattenscheid III"]
[WhiteTeamCountry "GER"]
[BlackTeamCountry "GER"]

1. e4 e5 2. Nf3 Nc6 3. Bb5 a6 4. Ba4 Nf6 5. 0-0 Nxe4 6. d4 b5 7. Bb3 d5 8. dxe5 Be6 9. Be3 Be7 10. c3 Qd7 11. Nbd2 0-0 12. Re1 Rad8 13. a4 b4 14. Nxe4 dxe4 15. Qxd7 Bxd7 16. Nd2 bxc3 17. bxc3 Nxe5 18. Nxe4 Nd3 19. Red1 Bc6 20. Ng3 Bf6 21. Bd4 Bxd4 22. cxd4 Nf4 23. Rac1 Bxg2 24. Rxc7 Bf3 25. Re1 g6 26. Ree7 Bd5 27. Rc3 Bxb3 28. Rxb3 Rxd4 29. Re4 Rd1+ 30. Nf1 g5 31. Rg3 h6 32. Rxf4 Rc8 33. Rf6 Rcc1 34. Rxa6 Rxf1+ 35. Kg2 Kg7 36. Rd3 Rg1+ 37. Kf3 Rc4 38. a5 Rf4+ 39. Ke2 Ra1 40. Rdd6 Ra2+ 41. Ke3 Rfxf2 42. Rxh6 f6 43. Rh5 Rf5 44. h4 Ra3+ 45. Ke2 Rb5 46. Rb6 Raxa5 47. Rxb5 Rxb5 48. hxg5 Kg6 49. Rh8 Kxg5 50. Re8 Kf4 51. Rc8 Rb2+ 52. Kf1 f5 53. Rc3 Kg4 54. Rc4+ f4 55. Rc3 Rb5 56. Kf2 Rb4 57. Rc2 Rb8 58. Rc3 Rh8 59. Kg1 Rh5 60. Ra3 f3 61. Ra8 Re5 62. Rg8+ Kf4 63. Kf2 Re2+ 64. Kf1 Re4 65. Kf2 Re2+ 1/2-1/2

[Event "Karl Mala Memorial op 10th"]
[Site "Griesheim"]
[Date "2006.07.23"]
[Round "7"]
[White "Noble, Alexander"]
[Black "Sharma, Danesh"]
[Result "0-1"]
[WhiteElo "1967"]
[BlackElo "2071"]
[PlyCount "36"]
[EventDate "2006.07.20"]
[EventType "swiss"]
[EventRounds "7"]
[EventCountry "GER"]
[SourceTitle "CBM 113 Extra"]
[Source "ChessBase"]
[SourceDate "2006.09.14"]
[SourceVersion "1"]
[SourceVersionDate "2006.09.14"]
[SourceQuality "1"]

1. e4 e5 2. Bc4 Nf6 3. Nf3 Nc6 4. Ng5 Bc5 5. Bxf7+ Ke7 6. Bd5 Rf8 7. 0-0 d6 8. Bxc6 bxc6 9. d3 Qe8 10. Be3 Bg4 11. Nf3 Qh5 12. Bxc5 Nxe4 13. dxe4 Rxf3 14. Nd2 Rh3 15. f3 Rxh2 16. Be3 Rf8 17. Qe1 Bxf3 18. Nxf3 Rh1+ 0-1

[Event "Karl Mala Memorial op 10th"]
[Site "Griesheim"]
[Date "2006.07.23"]
[Round "6"]
[White "Sharma, Danesh"]
[Black "Marzahn, Heiko"]
[Result "1/2-1/2"]
[WhiteElo "2071"]
[BlackElo "1986"]
[PlyCount "99"]
[EventDate "2006.07.20"]
[EventType "swiss"]
[EventRounds "7"]
[EventCountry "GER"]
[SourceTitle "CBM 113 Extra"]
[Source "ChessBase"]
[SourceDate "2006.09.14"]
[SourceVersion "1"]
[SourceVersionDate "2006.09.14"]
[SourceQuality "1"]

1. e4 c5 2. Nf3 Nc6 3. d4 cxd4 4. Nxd4 Nf6 5. Nc3 e5 6. Ndb5 d6 7. Bg5 a6 8. Na3 b5 9. Bxf6 gxf6 10. Nd5 Bg7 11. c3 f5 12. Nc2 fxe4 13. a4 Rb8 14. axb5 axb5 15. Nce3 0-0 16. Qb3 Bd7 17. g4 Ne7 18. Bg2 Bh6 19. Bxe4 Nxd5 20. Nxd5 Kh8 21. Rg1 f5 22. gxf5 Bxf5 23. Bxf5 Rxf5 24. Qc2 e4 25. Ne3 Bxe3 26. fxe3 Qh4+ 27. Rg3 Rbf8 28. 0-0-0 Rf2 29. Qb3 Qxh2 30. Rg5 R2f5 31. Rxf5 Rxf5 32. Qe6 Qe5 33. Qxd6 Qxd6 34. Rxd6 Rf1+ 35. Kc2 Rf2+ 36. Kc1 Re2 37. Rd5 b4 38. cxb4 Rxe3 39. b5 Kg7 40. Rd7+ Kg6 41. b6 Rb3 42. b7 h5 43. Kc2 Rb5 44. Kc3 h4 45. Rd6+ Kg7 46. Rd7+ Kg6 47. b4 h3 48. Rd6+ Kg7 49. Rd7+ Kg6 50. Rd6+ 1/2-1/2

[Event "NRW U18 op"]
[Site "Olpe"]
[Date "2005.10.03"]
[Round "5.12"]
[White "Sharma, Danesh"]
[Black "Begri, Robert"]
[Result "1-0"]
[WhiteElo "1841"]
[BlackElo "1695"]
[PlyCount "43"]
[EventDate "2005.10.01"]
[EventType "swiss"]
[EventRounds "7"]
[EventCountry "GER"]
[SourceTitle "CBM 108 Extra"]
[Source "ChessBase"]
[SourceDate "2005.11.04"]
[SourceVersion "1"]
[SourceVersionDate "2005.11.04"]
[SourceQuality "1"]

1. e4 e6 2. d4 d5 3. Nc3 Bb4 4. e5 c5 5. a3 Bxc3+ 6. bxc3 Qc7 7. Qg4 Ne7 8. Qxg7 Rg8 9. Qxh7 cxd4 10. Kd1 dxc3 11. Nf3 Nbc6 12. Ng5 Rf8 13. Bf4 Ng6 14. Bg3 Nce7 15. Bd3 Bd7 16. Nxf7 Rxf7 17. Bxg6 Nxg6 18. Qxg6 Kf8 19. Rb1 a6 20. Rb4 d4 21. Rxd4 Qc5 22. Rh4 1-0

[Event "NRW U18 op"]
[Site "Olpe"]
[Date "2005.10.02"]
[Round "4.3"]
[White "Krutwig, Longlong"]
[Black "Sharma, Danesh"]
[Result "1-0"]
[WhiteElo "2090"]
[BlackElo "1841"]
[PlyCount "67"]
[EventDate "2005.10.01"]
[EventType "swiss"]
[EventRounds "7"]
[EventCountry "GER"]
[SourceTitle "CBM 108 Extra"]
[Source "ChessBase"]
[SourceDate "2005.11.04"]
[SourceVersion "1"]
[SourceVersionDate "2005.11.04"]
[SourceQuality "1"]

1. e4 e5 2. Nf3 Nc6 3. Bc4 Nf6 4. d4 exd4 5. 0-0 Nxe4 6. Re1 d5 7. Bxd5 Qxd5 8. Nc3 Qa5 9. Nxe4 Be6 10. Neg5 0-0-0 11. Nxe6 fxe6 12. Rxe6 Bd6 13. Bg5 Rde8 14. Qe1 Qxe1+ 15. Raxe1 Kd7 16. Rxe8 Rxe8 17. Rxe8 Kxe8 18. Kf1 Kf7 19. Bd2 h6 20. Ke2 Ke6 21. Kd3 Kd5 22. Nxd4 Nxd4 23. c4+ Ke5 24. f4+ Kf5 25. Kxd4 Bxf4 26. Bxf4 Kxf4 27. b4 g5 28. a4 g4 29. a5 g3 30. h3 b6 31. axb6 axb6 32. b5 h5 33. h4 Kg4 34. Ke4 1-0

[Event "Moehnesee Cup-A"]
[Site "Moehnesee"]
[Date "2005.08.19"]
[Round "3"]
[White "Sharma, Danesh"]
[Black "Wagner, Bernd"]
[Result "1-0"]
[WhiteElo "1842"]
[BlackElo "2102"]
[PlyCount "59"]
[EventDate "2005.08.18"]
[EventType "swiss"]
[EventRounds "7"]
[EventCountry "GER"]
[SourceTitle "CBM 108 Extra"]
[Source "ChessBase"]
[SourceDate "2005.11.04"]
[SourceVersion "1"]
[SourceVersionDate "2005.11.04"]
[SourceQuality "1"]

1. e4 e6 2. d4 d5 3. Nc3 Bb4 4. e5 c5 5. a3 Bxc3+ 6. bxc3 Nc6 7. Qg4 Nge7 8. Qxg7 Rg8 9. Qxh7 cxd4 10. Nf3 Qc7 11. Kd1 dxc3 12. Ng5 Rf8 13. Bf4 Bd7 14. Bd3 Na5 15. Be2 Qc5 16. Ke1 Ng6 17. Be3 d4 18. Nxf7 Rxf7 19. Qg8+ Nf8 20. Bh5 dxe3 21. Qxf7+ Kd8 22. fxe3 Qxe3+ 23. Be2 Kc7 24. Rd1 Rd8 25. Qg7 Kc8 26. Rf1 Qc5 27. Rd6 Qxa3 28. Rxf8 Qc1+ 29. Kf2 Qxc2 30. Qxd7+ 1-0

[Event "Ruhrgebiet VK2 0405"]
[Site "Ruhrgebiet"]
[Date "2005.02.20"]
[Round "7.8"]
[White "Sharma, Danesh"]
[Black "Kortmann, Franz"]
[Result "1-0"]
[WhiteElo "1781"]
[BlackElo "1630"]
[PlyCount "77"]
[EventDate "2004.09.12"]
[EventType "team-tourn"]
[EventRounds "9"]
[EventCountry "GER"]
[SourceTitle "EXT 2006"]
[Source "ChessBase"]
[SourceDate "2005.11.24"]
[SourceVersion "1"]
[SourceVersionDate "2005.11.24"]
[SourceQuality "1"]
[WhiteTeam "Welper SV"]
[BlackTeam "Ickern"]
[WhiteTeamCountry "GER"]
[BlackTeamCountry "GER"]

1. e4 e6 2. d4 d5 3. Nc3 Bb4 4. e5 c5 5. a3 cxd4 6. axb4 dxc3 7. bxc3 Qc7 8. Qd4 Nc6 9. Bb5 Nge7 10. Nf3 0-0 11. Qc5 Bd7 12. Bxc6 Qxc6 13. Be3 b6 14. Qxc6 Nxc6 15. Kd2 Rfc8 16. Ra3 b5 17. Rha1 Rc7 18. Bc5 Bc8 19. Ke2 f6 20. exf6 gxf6 21. Nd4 Nxd4+ 22. cxd4 a6 23. Rg3+ Rg7 24. Kf3 Kf7 25. Kf4 Bb7 26. Rxg7+ Kxg7 27. Ra3 Rg8 28. Rc3 Rc8 29. Re3 Kf7 30. g4 Rg8 31. Rg3 Bc8 32. h4 Bd7 33. g5 f5 34. Ke5 Bc8 35. h5 Rd8 36. g6+ hxg6 37. hxg6+ Kg7 38. Be7 Rh8 39. Bf6+ 1-0